[Event "Mistrovstvi CR senioru nad 70 let a nad "]
[Site "Rychnov nad Kneznou"]
[Date "2015.08.20"]
[Round "6.6"]
[White "Vitek, Vaclav"]
[Black "Zikmund, Jaroslav"]
[Result "1-0"]
[WhiteElo "2038"]
[BlackElo "1830"]
[PlyCount "43"]
[EventDate "2015.08.15"]

1. e4 c5 2. Nc3 Nc6 3. d3 d6 4. g3 Nf6 5. Bg2 g6 6. Nge2 Bg7 7. h3 a6 8. f4 Bd7
9. Be3 Rc8 10. Qd2 b5 11. O-O e6 12. e5 dxe5 13. Bxc5 exf4 14. Nxf4 Ne7 15. Qf2
Qc7 16. Bxe7 Kxe7 17. Nfd5+ exd5 18. Nxd5+ Nxd5 19. Qxf7+ Kd8 20. Qxg7 Re8 21.
Rf7 Nb6 22. Qf6+ 1-0

[Event "Mistrovstvi CR senioru nad 70 let a nad "]
[Site "Rychnov nad Kneznou"]
[Date "2015.08.20"]
[Round "6.7"]
[White "Folta, Jaroslav"]
[Black "Bohuslav, Jan"]
[Result "0-1"]
[WhiteElo "1768"]
[BlackElo "1961"]
[PlyCount "58"]
[EventDate "2015.08.15"]

1. d4 Nf6 2. Bg5 Ne4 3. Bf4 d5 4. e3 Bf5 5. Bd3 Qd7 6. Nf3 f6 7. O-O g5 8. Bg3
h5 9. h4 g4 10. Ne1 Nc6 11. Bf4 e5 12. dxe5 fxe5 13. Bxe4 exf4 14. Bxf5 Qxf5
15. exf4 O-O-O 16. g3 Bg7 17. c3 d4 18. Qb3 Rhe8 19. Nc2 Re2 20. Nba3 d3 21.
Ne3 Qe4 22. Nac4 Bd4 23. Nd1 d2 24. Qb5 Bxf2+ 25. Nxf2 Qf3 26. Ne3 Qxe3 27.
Qxe2 Qxe2 28. Rad1 Qe3 29. Kg2 Ne7 0-1

[Event "Mistrovstvi CR senioru nad 70 let a nad "]
[Site "Rychnov nad Kneznou"]
[Date "2015.08.20"]
[Round "6.8"]
[White "Laszkiewicz, Jerzy"]
[Black "Kostalek, Vlastislav"]
[Result "1-0"]
[WhiteElo "1935"]
[BlackElo "1629"]
[PlyCount "73"]
[EventDate "2015.08.15"]

1. e4 e5 2. Nf3 Nc6 3. Nc3 Nf6 4. Bb5 d6 5. d4 Bd7 6. O-O Be7 7. Bg5 O-O 8.
dxe5 dxe5 9. Bxf6 Bxf6 10. Nd5 Bg4 11. Bxc6 bxc6 12. Nxf6+ Qxf6 13. h3 Bxf3 14.
Qxf3 Qxf3 15. gxf3 Rfd8 16. Rfd1 Kf8 17. Kf1 Ke7 18. Ke2 Rxd1 19. Rxd1 Rd8 20.
Rxd8 Kxd8 21. Kd3 Ke7 22. Kc4 Kd6 23. Kb4 Kd7 24. Ka5 Kc8 25. Kb4 Kd7 26. Kc5
f6 27. c3 g6 28. b3 h6 29. a3 h5 30. c4 f5 31. exf5 gxf5 32. b4 h4 33. a4 a6
34. a5 f4 35. b5 cxb5 36. cxb5 axb5 37. Kxb5 1-0

[Event "Mistrovstvi CR senioru nad 70 let a nad "]
[Site "Rychnov nad Kneznou"]
[Date "2015.08.20"]
[Round "6.9"]
[White "Glembek, Bohumir"]
[Black "Csizmadia, Lajos"]
[Result "1-0"]
[WhiteElo "1817"]
[BlackElo "1826"]
[PlyCount "115"]
[EventDate "2015.08.15"]

1. d4 g6 2. c4 Nf6 3. Nc3 d6 4. e4 Nbd7 5. f4 e5 6. fxe5 dxe5 7. d5 Bg7 8. Nf3
O-O 9. Bd3 Nh5 10. O-O Nc5 11. Bc2 a5 12. Be3 Qe7 13. Na4 Nxa4 14. Bxa4 b6 15.
Bc6 Rb8 16. Qc1 Ba6 17. Rd1 Nf4 18. Qc2 Rfd8 19. g3 Nh5 20. Rf1 Bf8 21. Rad1 f6
22. b3 Bc8 23. Rf2 Bd7 24. Bxd7 Rxd7 25. Rdf1 Qa3 26. Qe2 Bc5 27. Nh4 Bxe3 28.
Qxe3 Kg7 29. Ng2 Qc5 30. Qxc5 bxc5 31. g4 Nf4 32. Nxf4 exf4 33. Rxf4 Re8 34.
Rxf6 Rxe4 35. h3 Re3 36. Kg2 Re2+ 37. R1f2 Rxf2+ 38. Rxf2 Rd6 39. g5 h6 40. h4
hxg5 41. hxg5 a4 42. Re2 axb3 43. axb3 Kf7 44. Kf3 c6 45. Re5 cxd5 46. cxd5 Rb6
47. Re3 Rb4 48. Rc3 Rd4 49. Rxc5 Rd3+ 50. Ke4 Rxb3 51. Rc7+ Ke8 52. Ke5 Rf3 53.
Ke6 Re3+ 54. Kf6 Rd3 55. Rc5 Kd7 56. Kxg6 Kd6 57. Ra5 Ke5 58. Kg7 1-0

[Event "Mistrovstvi CR senioru nad 70 let a nad "]
[Site "Rychnov nad Kneznou"]
[Date "2015.08.20"]
[Round "6.10"]
[White "Vlasak, Ladislav"]
[Black "Haderka, Karel"]
[Result "1-0"]
[WhiteElo "1771"]
[BlackElo "1820"]
[PlyCount "74"]
[EventDate "2015.08.15"]

1. e4 e6 2. d4 d5 3. e5 c5 4. c3 cxd4 5. cxd4 Bb4+ 6. Bd2 Bxd2+ 7. Qxd2 Nc6 8.
Nf3 Nge7 9. Nc3 a6 10. Bd3 Bd7 11. Rc1 b5 12. Bb1 Rc8 13. O-O Ng6 14. Ne2 Nce7
15. Rxc8 Bxc8 16. Rc1 O-O 17. Rc5 Qb6 18. b4 Bb7 19. Qc3 Rc8 20. Nc1 Rxc5 21.
bxc5 Qc7 22. Nb3 Nc6 23. Ng5 Bc8 24. Nh3 b4 25. Qe3 a5 26. Nc1 Ba6 27. Bc2 Qb7
28. f4 Nce7 29. g4 Qd7 30. Qf2 Bc4 31. f5 exf5 32. gxf5 Nf8 33. Qf3 Qb7 34. Ng5
Nc6 35. Qf4 Qc7 36. f6 Ng6 37. Bxg6 fxg6 1-0

[Event "Mistrovstvi CR senioru nad 50 let"]
[Site "Rychnov nad Kneznou"]
[Date "2015.08.21"]
[Round "7.1"]
[White "Urban, Zdenek"]
[Black "Dolezal, Rudolf"]
[Result "1-0"]
[WhiteElo "2128"]
[BlackElo "1758"]
[PlyCount "27"]
[EventDate "2015.08.15"]

1. e4 d6 2. d4 e6 3. c4 Be7 4. Nf3 c5 5. Be3 Nc6 6. dxc5 dxc5 7. Qxd8+ Nxd8 8.
Nc3 Nf6 9. e5 Nd7 10. Nb5 O-O 11. O-O-O Nc6 12. Bf4 a6 13. Nd6 h6 14. Nxc8 1-0

[Event "Mistrovstvi CR senioru nad 50 let"]
[Site "Rychnov nad Kneznou"]
[Date "2015.08.21"]
[Round "7.2"]
[White "Humlicek, Vojtech"]
[Black "Kozak, Milos"]
[Result "0-1"]
[WhiteElo "2012"]
[BlackElo "2160"]
[PlyCount "78"]
[EventDate "2015.08.15"]

1. e4 e5 2. Nf3 Nc6 3. Bb5 a6 4. Ba4 Nf6 5. O-O Be7 6. Re1 b5 7. Bb3 d6 8. c3
O-O 9. d4 Bg4 10. d5 Na5 11. Nbd2 Nxb3 12. Qxb3 Bd7 13. Nf1 c6 14. dxc6 Bxc6
15. Ng3 Qc7 16. Bg5 h6 17. Bxf6 Bxf6 18. Rad1 g6 19. Rd3 Kh7 20. c4 Bd7 21.
cxb5 axb5 22. a3 Be6 23. Qb4 Be7 24. Qd2 Ra4 25. Qc1 Rc4 26. Rc3 Rxc3 27. bxc3
Ra8 28. Qb2 Qc5 29. Ra1 f6 30. Ne1 Rc8 31. a4 bxa4 32. Rxa4 Kg7 33. Ne2 Bc4 34.
Ng3 Bf7 35. Ne2 Bd8 36. Nd3 Qc6 37. Qa3 Bb6 38. Kf1 Bc4 39. Ndc1 Bb5 0-1

[Event "Mistrovstvi CR senioru nad 50 let"]
[Site "Rychnov nad Kneznou"]
[Date "2015.08.21"]
[Round "7.3"]
[White "Kuru, Martin"]
[Black "Elias, Miroslav"]
[Result "0-1"]
[WhiteElo "1935"]
[BlackElo "2083"]
[PlyCount "88"]
[EventDate "2015.08.15"]

1. d4 Nf6 2. Bg5 d5 3. Nf3 Bf5 4. e3 e6 5. Bd3 Bxd3 6. Qxd3 c5 7. c3 Qb6 8. Qc2
Qa6 9. Nbd2 Nc6 10. Bxf6 gxf6 11. Nb3 cxd4 12. exd4 Bd6 13. Qe2 Qxe2+ 14. Kxe2
b5 15. Rhc1 Kd7 16. g3 a5 17. Rc2 e5 18. Rcc1 a4 19. Nbd2 Rhc8 20. a3 Na5 21.
Rab1 Nc4 22. Nxc4 bxc4 23. Kd2 Rg8 24. Re1 Rae8 25. Re2 e4 26. Nh4 Rg5 27. f3
f5 28. Rf1 f4 29. fxe4 dxe4 30. gxf4 Rh5 31. Ng2 Rxh2 32. Ne3 Rh4 33. Ref2 Rc8
34. Nd5 Rb8 35. Ke3 f5 36. Nb4 Rg8 37. Ke2 Rgg4 38. Ke3 Rg3+ 39. Ke2 Bxb4 40.
axb4 a3 41. Kd1 axb2 42. Rxb2 Rxc3 43. Rc2 Rd3+ 44. Rd2 c3 0-1

[Event "Mistrovstvi CR senioru nad 50 let"]
[Site "Rychnov nad Kneznou"]
[Date "2015.08.21"]
[Round "7.5"]
[White "Malinovsky, Petr"]
[Black "Privoznik, Lubos"]
[Result "1-0"]
[WhiteElo "2006"]
[BlackElo "1607"]
[PlyCount "91"]
[EventDate "2015.08.15"]

1. d4 Nf6 2. c4 g6 3. Nc3 Bg7 4. e4 d6 5. f3 O-O 6. Be3 c5 7. Nge2 cxd4 8. Nxd4
Nc6 9. Qd2 Nxd4 10. Bxd4 Qa5 11. Be2 a6 12. O-O Bd7 13. a3 Rfd8 14. Qe3 Qh5 15.
Qf2 Bh8 16. Be3 Rf8 17. g4 Qh3 18. g5 Nh5 19. Nd5 Rae8 20. Rad1 f5 21. gxf6
Nxf6 22. Nf4 Qh6 23. Ne6 Qh3 24. Nxf8 Rxf8 25. Qg2 Qh5 26. b4 Bh3 27. Qg3 Bxf1
28. Rxf1 Nxe4 29. Qg2 Nf6 30. f4 Qf5 31. Qxb7 Re8 32. Qf3 Nd7 33. Rd1 Bb2 34.
a4 Ba3 35. Bd2 Bb2 36. Be3 Qf6 37. c5 Nf8 38. Bxa6 e5 39. Rxd6 Qh4 40. Qg3 Qh5
41. Qg5 Qh3 42. Qg3 Qf5 43. Bd3 Qh5 44. Bc4+ Kh8 45. Qg5 Qxg5+ 46. fxg5 1-0

[Event "Mistrovstvi CR senioru nad 50 let"]
[Site "Rychnov nad Kneznou"]
[Date "2015.08.21"]
[Round "7.6"]
[White "Papacek, Milos"]
[Black "Masek, Jan"]
[Result "0-1"]
[WhiteElo "1777"]
[BlackElo "1963"]
[PlyCount "64"]
[EventDate "2015.08.15"]

1. e4 e5 2. Nf3 Nc6 3. Bb5 a6 4. Ba4 Nf6 5. O-O Be7 6. Re1 b5 7. Bb3 O-O 8. c3
d5 9. exd5 Nxd5 10. a4 Bb7 11. axb5 axb5 12. Rxa8 Bxa8 13. d4 exd4 14. Nxd4
Nxd4 15. Qxd4 Bd6 16. Qg4 Nf6 17. Qh4 Re8 18. f3 Bc5+ 19. Kh1 Ne4 20. Qxd8 Nf2+
21. Kg1 Rxd8 22. Kf1 Nd3 23. Bg5 Rc8 24. Re2 h6 25. Bh4 Nc1 26. Bc2 Nxe2 27.
Kxe2 Re8+ 28. Kf1 Bd5 29. Nd2 Be3 30. Be1 Bxd2 31. Bxd2 Bc4+ 32. Kf2 Re2+ 0-1

[Event "Mistrovstvi CR senioru nad 60 let"]
[Site "Rychnov nad Kneznou"]
[Date "2015.08.21"]
[Round "7.1"]
[White "Novotny, Josef"]
[Black "Sejkora, Vlastimil"]
[Result "0-1"]
[WhiteElo "2150"]
[BlackElo "2260"]
[PlyCount "54"]
[EventDate "2015.08.15"]

1. e3 g6 2. d3 Bg7 3. g3 e5 4. f3 Ne7 5. Nh3 d5 6. Nf2 c5 7. Bg2 Nbc6 8. O-O
O-O 9. Nc3 b6 10. e4 dxe4 11. Ncxe4 f5 12. Nc3 Bb7 13. f4 Qd7 14. Ne2 Rad8 15.
c3 Kh8 16. Qc2 Rfe8 17. Bd2 e4 18. d4 e3 19. Bxe3 Nd5 20. Bc1 Ba6 21. Nd3 cxd4
22. Nxd4 Nxd4 23. cxd4 Ne3 24. Bxe3 Rxe3 25. Ne5 Qxd4 26. Rf2 Bxe5 27. fxe5 Re2
0-1

[Event "Mistrovstvi CR senioru nad 60 let"]
[Site "Rychnov nad Kneznou"]
[Date "2015.08.21"]
[Round "7.2"]
[White "Mlynek, Petr"]
[Black "Uhmann, Jan"]
[Result "1/2-1/2"]
[WhiteElo "2197"]
[BlackElo "2019"]
[PlyCount "54"]
[EventDate "2015.08.15"]

1. d4 d5 2. c4 e6 3. Nf3 Nf6 4. g3 c6 5. Qc2 Ne4 6. Bg2 f5 7. O-O Be7 8. b3 O-O
9. Ba3 Nd7 10. Bxe7 Qxe7 11. Nbd2 Rf6 12. Ne5 Nf8 13. f3 Nd6 14. e4 Nf7 15.
Rfe1 Qd8 16. Qc3 Bd7 17. Re2 Qb6 18. Nxd7 Nxd7 19. exd5 cxd5 20. f4 Nd6 21.
cxd5 Nb5 22. Qe3 Nxd4 23. Rf2 Nc2 24. Qxb6 Nxb6 25. Rc1 Nb4 26. Rc7 N4xd5 27.
Rxb7 Rf7 1/2-1/2

[Event "Mistrovstvi CR senioru nad 60 let"]
[Site "Rychnov nad Kneznou"]
[Date "2015.08.21"]
[Round "7.3"]
[White "Vorobyov, Yrij"]
[Black "Jablecnik, Gustav"]
[Result "1-0"]
[WhiteElo "2130"]
[BlackElo "2102"]
[PlyCount "61"]
[EventDate "2015.08.15"]

1. Nf3 b6 2. g3 Bb7 3. Bg2 g6 4. O-O Bg7 5. c4 Nf6 6. b3 O-O 7. Bb2 d6 8. d4
Nbd7 9. Qc2 Be4 10. Qd2 Bb7 11. Rd1 Ne4 12. Qc2 f5 13. Ng5 Nxg5 14. Bxb7 Rb8
15. Bg2 e6 16. f4 Nf7 17. e4 Qc8 18. d5 Bxb2 19. Qxb2 Nd8 20. dxe6 Nxe6 21.
exf5 Rxf5 22. Bh3 Rf6 23. Re1 Kf7 24. Nc3 Nec5 25. Nd5 Qd8 26. Rad1 b5 27. cxb5
Rxb5 28. Re7+ Kf8 29. Bxd7 Nxd7 30. Rxd7 Qxd7 31. Qxf6+ 1-0

[Event "Mistrovstvi CR senioru nad 60 let"]
[Site "Rychnov nad Kneznou"]
[Date "2015.08.21"]
[Round "7.4"]
[White "Juricek, Stanislav"]
[Black "Lorenc, Oldrich"]
[Result "1/2-1/2"]
[WhiteElo "2112"]
[BlackElo "2050"]
[PlyCount "38"]
[EventDate "2015.08.15"]

1. e4 g6 2. d4 Bg7 3. Nc3 d6 4. Be3 c6 5. Qd2 b5 6. f3 a6 7. g3 Nd7 8. Nh3 Nb6
9. Nf2 Qc7 10. a4 b4 11. Ncd1 a5 12. c4 c5 13. b3 cxd4 14. Bxd4 Bxd4 15. Qxd4
Nf6 16. Ne3 O-O 17. Bg2 Bb7 18. O-O Nbd7 19. Rad1 Qc5 1/2-1/2

[Event "Mistrovstvi CR senioru nad 60 let"]
[Site "Rychnov nad Kneznou"]
[Date "2015.08.21"]
[Round "7.5"]
[White "Drabek, Miloslav"]
[Black "Sibl, Vaclav"]
[Result "1-0"]
[WhiteElo "2079"]
[BlackElo "1936"]
[PlyCount "65"]
[EventDate "2015.08.15"]

1. d4 d6 2. Nf3 Bg4 3. g3 Bxf3 4. exf3 c6 5. c4 e6 6. d5 exd5 7. cxd5 c5 8. Qb3
Qc7 9. Nc3 a6 10. a4 Nd7 11. Bg2 O-O-O 12. O-O Re8 13. Be3 Be7 14. Rac1 f5 15.
Qc2 g6 16. Ne2 Kb8 17. b4 Rc8 18. bxc5 dxc5 19. Rfd1 Bd6 20. Nf4 b6 21. Ne6 Qa7
22. Nd4 Qc7 23. Nc6+ Kb7 24. Rb1 Ngf6 25. Na5+ Ka8 26. Nc4 Ne8 27. Qb2 Rg8 28.
Nxb6+ Nxb6 29. Qxb6 Qxb6 30. Rxb6 Ka7 31. Rdb1 Rd8 32. Bf1 Nc7 33. Rxd6 1-0

[Event "Mistrovstvi CR senioru nad 60 let"]
[Site "Rychnov nad Kneznou"]
[Date "2015.08.21"]
[Round "7.7"]
[White "Trojan, Lubos"]
[Black "Pavlis, Jaromir"]
[Result "1-0"]
[WhiteElo "1998"]
[BlackElo "1923"]
[PlyCount "63"]
[EventDate "2015.08.15"]

1. d4 d5 2. Nf3 Nf6 3. Bf4 Bf5 4. e3 e6 5. Nbd2 Bd6 6. Ne5 Nbd7 7. Be2 Ne4 8.
Nxe4 Bxe4 9. f3 Bxe5 10. dxe5 Bg6 11. Qd2 c6 12. h4 h6 13. g4 Qc7 14. h5 Bh7
15. Qc3 O-O-O 16. O-O-O c5 17. g5 hxg5 18. Bxg5 Qxe5 19. Qxe5 Nxe5 20. Bxd8
Rxd8 21. f4 Nd7 22. Bd3 Bxd3 23. cxd3 Nf6 24. Rdg1 Rg8 25. Rg5 b6 26. Rhg1 Ne8
27. f5 Rh8 28. fxe6 fxe6 29. Re5 Rh6 30. Rg6 Kd7 31. Kd2 Ke7 32. Rexe6+ 1-0

[Event "Mistrovstvi CR senioru nad 60 let"]
[Site "Rychnov nad Kneznou"]
[Date "2015.08.21"]
[Round "7.8"]
[White "Vlachopulos, Georgis"]
[Black "Dolezal, Radoslav"]
[Result "1/2-1/2"]
[WhiteElo "1878"]
[BlackElo "1964"]
[PlyCount "98"]
[EventDate "2015.08.15"]

1. e4 e5 2. Nf3 Nc6 3. Bc4 Be7 4. d4 d6 5. dxe5 dxe5 6. Bd2 Nf6 7. Nc3 Bg4 8.
h3 Bh5 9. g4 Bg6 10. Qe2 Nd4 11. Qd3 Nxf3+ 12. Qxf3 Qd4 13. Bd3 c6 14. a3 h6
15. O-O-O Qd7 16. Qe2 O-O-O 17. f3 Qc7 18. Bc4 Nd7 19. h4 Rhf8 20. g5 hxg5 21.
hxg5 Nc5 22. Qh2 Rd4 23. Ba2 Rfd8 24. Be3 Rxd1+ 25. Rxd1 Rxd1+ 26. Nxd1 Nd7 27.
Nf2 Qd8 28. f4 exf4 29. Qxf4 Qc7 30. Qh4 Qd8 31. Bc4 b5 32. Bf1 Kb7 33. Nd3 Qf8
34. Qg4 Qe8 35. Bh3 Nb6 36. Bxb6 axb6 37. Ne5 Bxe4 38. Qxe4 Bxg5+ 39. Kb1 Bf6
40. Bd7 Qxe5 41. Qxc6+ Ka7 42. c3 Qc5 43. Qe4 Be5 44. Bg4 Qc4 45. Qf5 g6 46.
Qd7+ Bc7 47. Bf3 Qf1+ 48. Bd1 Qf5+ 49. Qxf5 gxf5 1/2-1/2

[Event "Mistrovstvi CR senioru nad 60 let"]
[Site "Rychnov nad Kneznou"]
[Date "2015.08.21"]
[Round "7.9"]
[White "Portych, Vaclav"]
[Black "Salac, Jiri"]
[Result "0-1"]
[WhiteElo "1890"]
[BlackElo "2128"]
[PlyCount "134"]
[EventDate "2015.08.15"]

1. c4 c6 2. Nf3 Nf6 3. g3 d5 4. cxd5 cxd5 5. Bg2 e6 6. d4 Be7 7. O-O O-O 8. b3
Nbd7 9. Ba3 b6 10. Bxe7 Qxe7 11. Nbd2 Bb7 12. Rc1 Rac8 13. Rxc8 Rxc8 14. Qb1
Qa3 15. e3 a5 16. Rd1 Nb8 17. Ne1 Na6 18. Nc2 Qd6 19. Ne1 Qc7 20. Nd3 Qc2 21.
Nf1 Nb4 22. Nxb4 axb4 23. Qa1 Ne4 24. Bxe4 dxe4 25. Qb1 f5 26. Qxc2 Rxc2 27.
Ra1 Ba6 28. g4 Bxf1 29. Kxf1 fxg4 30. Kg2 Kf7 31. Kg3 h5 32. Kg2 Kf6 33. Kg1
Kg5 34. Kf1 Kh4 35. Kg2 g6 36. a3 Rb2 37. axb4 Rxb3 38. Ra4 Rb2 39. Ra8 Kg5 40.
Rd8 Rxb4 41. Rd6 Kf5 42. Rd8 Rb2 43. Rf8+ Kg5 44. Rf4 b5 45. Rxe4 Kf6 46. Re5
b4 47. Rb5 b3 48. Rb6 Kf5 49. Rb5+ Kf6 50. Rb6 Ke7 51. d5 exd5 52. Rxg6 Rc2 53.
Rb6 b2 54. Kg3 Kd7 55. Kh4 Rxf2 56. Kxh5 Rg2 57. Kh4 Kc7 58. Rb3 Kc6 59. h3
gxh3 60. Kxh3 Re2 61. Kg4 Kc5 62. Kf3 Rh2 63. Rb8 Kc4 64. Kf4 Kc3 65. Rc8+ Kd2
66. Rb8 Kc1 67. Ke5 Rh5+ 0-1

[Event "Mistrovstvi CR senioru nad 60 let"]
[Site "Rychnov nad Kneznou"]
[Date "2015.08.21"]
[Round "7.10"]
[White "Demeter, Istvan"]
[Black "Miciak, Emanuel"]
[Result "1/2-1/2"]
[WhiteElo "2025"]
[BlackElo "1889"]
[PlyCount "28"]
[EventDate "2015.08.15"]

1. Nf3 d5 2. g3 c6 3. Bg2 Bg4 4. O-O e6 5. d3 Nf6 6. Nbd2 Be7 7. c3 O-O 8. Qc2
Nbd7 9. h3 Bxf3 10. Nxf3 Qc7 11. e4 dxe4 12. dxe4 e5 13. Rd1 Nc5 14. Ne1 Rfd8
1/2-1/2

[Event "Mistrovstvi CR senioru nad 60 let"]
[Site "Rychnov nad Kneznou"]
[Date "2015.08.21"]
[Round "7.12"]
[White "Kotva, Milan"]
[Black "Innemann, Frantisek"]
[Result "1-0"]
[WhiteElo "2006"]
[BlackElo "1877"]
[PlyCount "43"]
[EventDate "2015.08.15"]

1. e4 e6 2. d4 d5 3. Nc3 dxe4 4. Nxe4 Nf6 5. Nxf6+ Qxf6 6. Nf3 h6 7. Bd3 Nc6 8.
O-O Bd6 9. c3 Bd7 10. b4 O-O 11. Qe2 a6 12. Re1 Ne7 13. Ne5 Rae8 14. Ng4 Qh4
15. Qd1 Nd5 16. g3 Qe7 17. Nxh6+ gxh6 18. Bxh6 Nf6 19. Bg5 Kg7 20. Re5 Bc6 21.
Bxf6+ Qxf6 22. Qg4+ 1-0

[Event "Mistrovstvi CR senioru nad 60 let"]
[Site "Rychnov nad Kneznou"]
[Date "2015.08.21"]
[Round "7.13"]
[White "Oburka, Vladislav"]
[Black "Zboril, Jaroslav"]
[Result "1/2-1/2"]
[WhiteElo "1874"]
[BlackElo "1998"]
[PlyCount "35"]
[EventDate "2015.08.15"]

1. e4 d6 2. d4 Nf6 3. Bd3 e5 4. Nf3 Bg4 5. d5 Nbd7 6. Be3 Be7 7. Nbd2 O-O 8.
Nf1 c6 9. c4 cxd5 10. cxd5 Qa5+ 11. N1d2 Bxf3 12. Qxf3 Nc5 13. Bxc5 Qxc5 14.
O-O Qb4 15. Nb3 g6 16. Rab1 a5 17. Qe2 Rac8 18. Qd2 1/2-1/2

[Event "Mistrovstvi CR senioru nad 60 let"]
[Site "Rychnov nad Kneznou"]
[Date "2015.08.21"]
[Round "7.14"]
[White "Ondrejat, Miroslav"]
[Black "Lacha, Jan"]
[Result "1-0"]
[WhiteElo "1992"]
[BlackElo "1840"]
[PlyCount "89"]
[EventDate "2015.08.15"]

1. d4 e6 2. g3 f5 3. Bg2 Nf6 4. Nh3 Be7 5. O-O O-O 6. c4 d6 7. Nc3 e5 8. dxe5
dxe5 9. Qxd8 Rxd8 10. Nd5 Nxd5 11. Bxd5+ Kf8 12. Ng5 h6 13. Ne6+ Bxe6 14. Bxe6
g6 15. Bxh6+ Ke8 16. e4 Rd6 17. exf5 gxf5 18. Bc8 Rb6 19. Be3 Rxb2 20. Rab1
Rxb1 21. Rxb1 Nd7 22. Bxb7 Rd8 23. Bc6 Kf7 24. Rd1 Nb6 25. Rxd8 Bxd8 26. c5 Nc8
27. Bd7 Ne7 28. Bg5 f4 29. gxf4 exf4 30. Bxf4 Nd5 31. Bd2 Be7 32. Bc6 Nf6 33.
Be3 Ng4 34. Bd4 Ke6 35. f3 Ne5 36. Be4 Bf6 37. Kg2 Nd7 38. Bxf6 Kxf6 39. c6 Nc5
40. h4 Na4 41. Kf2 Nc3 42. a3 a5 43. Ke3 Nb5 44. f4 Nxa3 45. Bd3 1-0

[Event "Mistrovstvi CR senioru nad 60 let"]
[Site "Rychnov nad Kneznou"]
[Date "2015.08.21"]
[Round "7.15"]
[White "Majerik, Vladimir"]
[Black "Briza, Jiri"]
[Result "1/2-1/2"]
[WhiteElo "1837"]
[BlackElo "1947"]
[PlyCount "41"]
[EventDate "2015.08.15"]

1. d4 d5 2. Bg5 Nf6 3. Nd2 h6 4. Bh4 Ne4 5. Nxe4 dxe4 6. e3 c5 7. dxc5 Qa5+ 8.
Qd2 Qxc5 9. O-O-O Nc6 10. Ne2 Bg4 11. Qd5 Qb4 12. Qb3 Qxb3 13. axb3 g5 14. Bg3
Bg7 15. h3 Bh5 16. Bh2 f5 17. Rd2 O-O 18. Nc3 Rac8 19. Bc4+ Bf7 20. Bxf7+ Kxf7
21. Rd7 1/2-1/2

[Event "Mistrovstvi CR senioru nad 60 let"]
[Site "Rychnov nad Kneznou"]
[Date "2015.08.21"]
[Round "7.16"]
[White "Rucka, Alois"]
[Black "Franc, Lubor"]
[Result "1/2-1/2"]
[WhiteElo "1923"]
[BlackElo "1841"]
[PlyCount "94"]
[EventDate "2015.08.15"]

1. Nf3 d5 2. g3 g6 3. c4 c6 4. Qc2 Nf6 5. Bg2 Bg7 6. b3 Ne4 7. Bb2 Bxb2 8. Qxb2
O-O 9. O-O e6 10. h4 Qf6 11. d4 Nd7 12. Nbd2 Nxd2 13. Qxd2 Nb6 14. a4 Bd7 15.
a5 Nc8 16. Ne5 Be8 17. Qb4 Qe7 18. c5 f6 19. Nd3 a6 20. Rae1 Bf7 21. e4 Qc7 22.
exd5 exd5 23. Bh3 Na7 24. Nf4 Rfe8 25. Re3 Nb5 26. Rfe1 Rxe3 27. fxe3 Re8 28.
Kf2 Kg7 29. Qd2 Qe7 30. Bg2 Qd7 31. Bh3 Qe7 32. Bg4 Qc7 33. Bf3 Qd7 34. Ke2 Nc7
35. Kf2 Nb5 36. g4 Be6 37. Kg3 Qe7 38. Kf2 Qd7 39. Rg1 Bf7 40. g5 f5 41. Nd3
Nc7 42. Ne5 Qe7 43. Qb4 Ne6 44. Qe1 Nxc5 45. Qc3 Ne4+ 46. Bxe4 dxe4 47. b4 Bd5
1/2-1/2

[Event "Mistrovstvi CR senioru nad 60 let"]
[Site "Rychnov nad Kneznou"]
[Date "2015.08.21"]
[Round "7.17"]
[White "Pittermann, Jan"]
[Black "Sedlacek, Jan"]
[Result "1/2-1/2"]
[WhiteElo "1832"]
[BlackElo "1909"]
[PlyCount "32"]
[EventDate "2015.08.15"]

1. e4 c5 2. Nc3 Nc6 3. g3 g6 4. Bg2 Bg7 5. d3 Nf6 6. Be3 d6 7. h4 Rb8 8. f3 h5
9. Qd2 b5 10. Nh3 Ne5 11. O-O Qc7 12. Ne2 Ba6 13. Nf2 Nh7 14. c3 Bc8 15. Rac1
Bf6 16. b3 Qa5 1/2-1/2

[Event "Mistrovstvi CR senioru nad 60 let"]
[Site "Rychnov nad Kneznou"]
[Date "2015.08.21"]
[Round "7.18"]
[White "Kolek, Josef"]
[Black "Pribyl, Jaroslav"]
[Result "0-1"]
[WhiteElo "1798"]
[BlackElo "2022"]
[PlyCount "86"]
[EventDate "2015.08.15"]

1. e4 c5 2. Nf3 Nc6 3. d4 cxd4 4. Nxd4 g6 5. Nc3 Bg7 6. Be3 Nf6 7. f3 O-O 8.
Bc4 a5 9. Qd2 Ne5 10. Be2 d5 11. exd5 Nxd5 12. Nxd5 Qxd5 13. c3 Nc4 14. Bxc4
Qxc4 15. b3 Qc7 16. Rc1 Rd8 17. Qe2 Ra6 18. O-O Qe5 19. Qf2 Qh5 20. g4 Qd5 21.
Rfd1 Rad6 22. Re1 b5 23. h3 h5 24. c4 bxc4 25. bxc4 Qe5 26. Nb5 Rd3 27. Bb6 Qf4
28. Be3 Qf6 29. Qe2 Bb7 30. Rf1 hxg4 31. hxg4 Qe6 32. Rfe1 Qc6 33. Rf1 e5 34.
a4 e4 35. f4 Rb3 36. Rfd1 Rdd3 37. Rxd3 exd3 38. Qh2 Rb2 39. Bd2 Qf3 40. g5 Bf8
41. c5 Rc2 42. Nd6 Bd5 43. Rxc2 dxc2 0-1

[Event "Mistrovstvi CR senioru nad 60 let"]
[Site "Rychnov nad Kneznou"]
[Date "2015.08.21"]
[Round "7.19"]
[White "Vlachopulos, Elefteris"]
[Black "Sobotnik, Petr"]
[Result "1/2-1/2"]
[WhiteElo "1798"]
[BlackElo "1984"]
[PlyCount "141"]
[EventDate "2015.08.15"]

1. d4 {[%emt 0:00:00]} d6 {[%emt 0:00:00]} 2. c4 Nf6 3. Nc3 g6 4. g3 Bg7 5. Bg2
O-O 6. Nf3 c6 7. O-O Nbd7 8. e4 e5 9. dxe5 dxe5 10. Qc2 Re8 11. Rd1 Qc7 12. b3
Nc5 13. Ba3 Bf8 14. b4 Ne6 15. c5 a5 16. Na4 Nd7 17. Rac1 axb4 18. Bxb4 Qb8 19.
a3 Qa7 20. Rxd7 Bxd7 21. Nb6 Rad8 22. Nxe5 Nd4 23. Qb2 Be6 24. f4 Bg7 25. h3
Qb8 26. Kh2 g5 27. Qf2 Bc8 28. Nxc8 Qxc8 29. Nc4 gxf4 30. gxf4 Re6 31. f5 Qb8+
32. Kh1 Rh6 33. Nd6 Nb3 34. Rd1 Be5 35. Qe3 Rhxd6 36. cxd6 c5 37. Be1 Nd4 38.
Qg5+ Bg7 39. f6 Ne6 40. Qg4 Rxd6 41. Rxd6 Qxd6 42. fxg7 c4 43. Qg3 Qxg3 44.
Bxg3 c3 45. Be5 c2 46. Bb2 Nd4 47. e5 Nb3 48. Bxb7 c1=Q+ 49. Bxc1 Nxc1 50. a4
Nd3 51. a5 Nxe5 52. Kg2 Kxg7 53. a6 Nd7 54. Kf3 Kf6 55. Kf4 h6 56. Ke4 Nc5+ 57.
Kd5 Nxa6 58. Bxa6 Kg7 59. Bd3 h5 60. Be2 h4 61. Bh5 f5 62. Ke5 f4 63. Kxf4 Kh8
64. Kg5 Kg8 65. Kxh4 Kg7 66. Kg5 Kh8 67. Kg6 Kg8 68. Bg4 Kh8 69. h4 Kg8 70. h5
Kh8 71. Be6 1/2-1/2

[Event "Mistrovstvi CR senioru nad 60 let"]
[Site "Rychnov nad Kneznou"]
[Date "2015.08.21"]
[Round "7.20"]
[White "Klimes, Jiri"]
[Black "Laska, Zdenek"]
[Result "0-1"]
[WhiteElo "1882"]
[BlackElo "1797"]
[PlyCount "108"]
[EventDate "2015.08.15"]

1. e4 c5 2. Nf3 d6 3. d4 cxd4 4. Nxd4 Nf6 5. Nc3 a6 6. a4 Nc6 7. Be3 e6 8. f4
Qc7 9. Be2 Be7 10. O-O O-O 11. Qe1 Re8 12. Qg3 Bd7 13. Rf2 Rf8 14. f5 Nxd4 15.
Bxd4 e5 16. Be3 Kh8 17. a5 Bc6 18. Bb6 Qb8 19. Bd3 d5 20. exd5 Bxd5 21. Re1 Bd6
22. Be4 Bxe4 23. Nxe4 Be7 24. c4 Rc8 25. c5 Nxe4 26. Rxe4 Bxc5 27. Bxc5 Rxc5
28. b4 Rc1+ 29. Rf1 Rxf1+ 30. Kxf1 f6 31. Rc4 Qd6 32. Qc3 Rd8 33. Rc8 h6 34.
Rxd8+ Qxd8 35. Ke2 Qd7 36. g4 Qd5 37. Kf2 Qe4 38. h3 Qf4+ 39. Kg2 Qe4+ 40. Kf2
Kh7 41. Kg3 h5 42. Qc5 hxg4 43. hxg4 Qf4+ 44. Kh3 Qf3+ 45. Kh4 Qg2 46. Qe3 Qh2+
47. Qh3 Qxh3+ 48. Kxh3 Kg8 49. g5 fxg5 50. Kg3 Kf7 51. Kg4 Kf6 52. b5 axb5 53.
a6 bxa6 54. Kh5 b4 0-1

[Event "Mistrovstvi CR senioru nad 60 let"]
[Site "Rychnov nad Kneznou"]
[Date "2015.08.21"]
[Round "7.21"]
[White "Truksa, Vaclav"]
[Black "Splitek, Lubos"]
[Result "1-0"]
[WhiteElo "1857"]
[BlackElo "1777"]
[PlyCount "61"]
[EventDate "2015.08.15"]

1. d4 Nf6 2. c4 g6 3. Nc3 Bg7 4. e4 d6 5. Nf3 O-O 6. Be2 e5 7. O-O Nc6 8. d5
Ne7 9. Ne1 Ne8 10. Nd3 f5 11. f3 f4 12. Nf2 g5 13. h3 Nf6 14. b4 Ng6 15. c5 Rf7
16. a4 Bf8 17. Ba3 Nh5 18. Bc4 Ng3 19. Re1 h5 20. cxd6 cxd6 21. Rc1 Rh7 22. Be2
g4 23. fxg4 hxg4 24. Bxg4 Rh4 25. Nb5 Bxg4 26. Nxg4 Qb6+ 27. Kh2 Qd8 28. Nc7
Rc8 29. Ne6 Rxc1 30. Qxc1 Qd7 31. Nf6+ 1-0